000 00726nas a2200277 4500
001 BR9200906
003 BR-BrBNA
005 20231205092325.0
007 ta
008 230509b bl.|||p| |||| 00| 00por d
040 _aBR-BrBNA
_bpor
_cBiblioteca Nacional de Agricultura
041 _a(Pt)
072 _aT01; F01
100 1 _aAnon.
245 1 _aVem ai o plastico de milho
650 _aMILHO
650 _aPOLUICAO AMBIENTAL
650 _aMEIO AMBIENTE
650 _aPLASTICO
650 _aAMIDO
650 _aPLANTA PRODUTORA DE AMIDO
650 _aMERCADO
773 0 _tGuia Rural (Brazil)
_x
_g(Feb 1990), v. 4(2) p. 52-54
_wBR9200906
909 _a202311
_bLúcia
_c55
_dLúcia Elande
942 _2AGRIS
_n0
_cANA
999 _c130931
_d130931